| 000 | 00560nam a2200145Ia 4500 | ||
|---|---|---|---|
| 999 |
_c26949 _d26949 |
||
| 041 | _aEnglish | ||
| 082 | _aRB.0288 | ||
| 100 |
_aBaliyan, Kavita _uGiri Institute of Development Studies _vLucknow |
||
| 245 | 0 |
_aImpact of WTO provisions on horticulture exports : _bA case of Indian Mango / _cKavita Baliyan |
|
| 260 |
_aNew Delhi : _bIndian Council of Social Science Research, _c2016 |
||
| 300 | _a206p. | ||
| 536 | _aIndian Council of Social Science Research | ||
| 650 |
_aHorticulture _vWorld Trade Organization (WTO) _vAgricultural production |
||
| 942 |
_2ddc _cRP |
||